Modern retailing management basic concepts and practices

Salvato in:
Dettagli Bibliografici
Autore principale: Duncan, Delbert J.
Altri autori: Hollander, Stanley C.
Natura: Libro
Lingua:inglese
Pubblicazione: Homewood RICHARD D. IRWIN 1977
Edizione:9. ed.
Soggetti:
Tags: Aggiungi Tag
Nessun Tag, puoi essere il primo ad aggiungerne!!

MARC

LEADER 00000nam a2200000 4500
001 c110657
005 20221123135547.2
020 |a 0-256-01926-6 
041 0 |a eng 
044 |a US 
245 1 0 |a Modern retailing management  |b basic concepts and practices  |c Delbert J. Duncan, Stanley C. Hollander 
250 |a 9. ed. 
264 1 |a Homewood  |b RICHARD D. IRWIN  |c 1977 
300 |a 721 s. 
610 2 0 |a maloobchod 
610 2 0 |a podnikanie 
610 2 0 |a riadenie 
610 2 0 |a teória a prax 
610 2 0 |a firmy 
610 2 0 |a manažment personálny 
610 2 0 |a politika obchodná 
610 2 0 |a rozpočty 
610 2 0 |a plánovanie 
610 2 0 |a nákup 
610 2 0 |a ceny 
610 2 0 |a reklama 
610 2 0 |a predaj 
610 2 0 |a kontroling 
610 2 0 |a koordinácia 
100 1 |a Duncan, Delbert J. 
700 1 |a Hollander, Stanley C.